000
00307nam a22001217a 4500
008
230619b xxu||||| |||| 00| 0 eng d
020
_a
0582647037
082
_a
306.85
_b
KAY
245
_a
The Sociology of the African Family
260
_a
USA
_b
Longman Group Limited
_c
1984
300
_a
124p
942
_2
ddc
_c
BK
999
_c
1409
_d
1409